00000000nam##2200000za#4500
0019.616601
003CaOODSP
00520200327143631
007ta
008150406|2003||||xxc|||||     f|0| 0 eng|d
022 |a0706-6457
040 |aCaOODSP|beng
043 |an-cn---
0861 |aFs97-6/2468E
1101 |aCanada. |bDepartment of Fisheries and Oceans.
24510|aBiological reference points for Anadromous Alewife (Alosa pseudoharengus) fisheries in the Maritime Provinces / |cA.J.F. Gibon and R.A. Myers.
260 |aOttawa - Ontario : |bFisheries and Oceans Canada |c2003.
300 |avi, 50p. : |bgraphs, references, tables ; |c28 cm.
4901 |aCanadian technical report of fisheries and aquatic sciences|x0706-6457|v2468
500 |a"Diadromous Fish Division, Science Branch, Department of Fisheries and Oceans, P.O. Box 1006, Dartmouth, NS, B2Y 4A2".
546 |a(Textes d'introduction en anglais et en français.)
563 |aSoftcover
590 |a03-44|b2003-10-31
7201 |aGibson, A. J. F.
7201 |aMyers, Ransom A.
7760#|tBiologial reference points for anadromous alewife (Alosa pseudoharengus) fisheries of the Maritime Provinces / |w(CaOODSP)9.574963
830#0|aCanadian technical report of fisheries and aquatic sciences,|x0706-6457|v2468|w(CaOODSP)9.514691